[Event "Latvian Teams Chess Championship Higher League 2019"]
[Site "Riga Chess School, 10 Pernavas Street, Riga, Latvia"]
[Date "2019.06.08"]
[Round "5.11"]
[White "Morozli, Grigorijs"]
[Black "Lanka, Zigurds"]
[Result "0-1"]
[TimeControl "Standard: 90 minutes with 30 second increment from move 1"]
[BlackTitle "GM"]
[WhiteFideId "11604506"]
[BlackFideId "11600047"]
[WhiteElo "1957"]
[BlackElo "2400"]

1. Nf3 {[%clk 01:30:57]} {[%emt 00:00:04]} c5 {[%clk 01:20:46]} {[%emt
00:10:17]} 2. g3 {[%clk 01:31:06]} {[%emt 00:00:21]} Nc6 {[%clk 01:21:05]}
{[%emt 00:00:11]} 3. Bg2 {[%clk 01:31:24]} {[%emt 00:00:11]} g6 {[%clk
01:21:24]} {[%emt 00:00:12]} 4. O-O {[%clk 01:31:37]} {[%emt 00:00:17]} Bg7
{[%clk 01:21:37]} {[%emt 00:00:18]} 5. d3 {[%clk 01:31:43]} {[%emt 00:00:23]}
d6 {[%clk 01:21:43]} {[%emt 00:00:23]} 6. e4 {[%clk 01:31:04]} {[%emt
00:01:10]} e5 {[%clk 01:21:57]} {[%emt 00:00:16]} 7. Nbd2 {[%clk 01:31:19]}
{[%emt 00:00:16]} Nge7 {[%clk 01:22:15]} {[%emt 00:00:11]} 8. a4 {[%clk
01:30:47]} {[%emt 00:01:02]} h6 {[%clk 01:22:17]} {[%emt 00:00:28]} 9. Nc4
{[%clk 01:30:29]} {[%emt 00:00:48]} O-O {[%clk 01:21:35]} {[%emt 00:01:12]} 10.
c3 {[%clk 01:29:50]} {[%emt 00:01:10]} f5 {[%clk 01:19:10]} {[%emt 00:02:54]}
11. Re1 {[%clk 01:20:20]} {[%emt 00:09:59]} f4 {[%clk 01:15:19]} {[%emt
00:04:22]} 12. gxf4 {[%clk 01:10:46]} {[%emt 00:10:03]} exf4 {[%clk 01:15:23]}
{[%emt 00:00:27]} 13. d4 {[%clk 01:10:54]} {[%emt 00:00:23]} cxd4 {[%clk
01:13:36]} {[%emt 00:02:17]} 14. cxd4 {[%clk 01:10:51]} {[%emt 00:00:32]} Bg4
{[%clk 01:12:45]} {[%emt 00:01:21]} 15. Qb3 {[%clk 01:10:04]} {[%emt 00:01:18]}
Bxf3 {[%clk 01:07:45]} {[%emt 00:05:30]} 16. Ne5+ {[%clk 01:09:17]} {[%emt
00:01:15]} Kh7 {[%clk 01:06:50]} {[%emt 00:01:25]} 17. Nxf3 {[%clk 01:09:38]}
{[%emt 00:00:10]} Nxd4 {[%clk 01:06:51]} {[%emt 00:00:30]} 18. Nxd4 {[%clk
01:08:54]} {[%emt 00:01:13]} Bxd4 {[%clk 01:07:14]} {[%emt 00:00:06]} 19. Qxb7
{[%clk 01:09:13]} {[%emt 00:00:12]} Rb8 {[%clk 01:06:00]} {[%emt 00:01:44]} 20.
Qa6 {[%clk 01:09:10]} {[%emt 00:00:34]} Qc7 {[%clk 01:00:37]} {[%emt 00:05:52]}
21. Qd3 {[%clk 00:59:18]} {[%emt 00:10:21]} Nc6 {[%clk 00:58:04]} {[%emt
00:03:04]} 22. Bd2 {[%clk 00:51:34]} {[%emt 00:08:14]} f3 {[%clk 00:54:39]}
{[%emt 00:03:55]} 23. Bh3 {[%clk 00:50:59]} {[%emt 00:01:05]} Qe7 {[%clk
00:54:16]} {[%emt 00:00:52]} 24. Be3 {[%clk 00:45:47]} {[%emt 00:05:43]} Qh4
{[%clk 00:51:37]} {[%emt 00:03:09]} 25. Qf1 {[%clk 00:45:48]} {[%emt 00:00:28]}
Be5 {[%clk 00:48:02]} {[%emt 00:04:06]} 26. Rac1 {[%clk 00:44:16]} {[%emt
00:02:02]} Rf4 {[%clk 00:44:52]} {[%emt 00:03:39]} 27. Rxc6 {[%clk 00:41:31]}
{[%emt 00:03:17]} Rg4+ {[%clk 00:45:12]} {[%emt 00:00:09]} 28. Kh1 {[%clk
00:41:54]} {[%emt 00:00:06]} Rg2 {[%clk 00:45:34]} {[%emt 00:00:09]} 29. Rc7+
{[%clk 00:40:15]} {[%emt 00:02:10]} Kh8 {[%clk 00:45:54]} {[%emt 00:00:09]} 30.
Qxg2 {[%clk 00:38:57]} {[%emt 00:01:48]} fxg2+ {[%clk 00:46:09]} {[%emt
00:00:15]} 31. Kxg2 {[%clk 00:39:26]} {[%emt 00:00:01]} Qxe4+ {[%clk 00:44:43]}
{[%emt 00:01:56]} 32. Kg1 {[%clk 00:39:16]} {[%emt 00:00:40]} Qh4 {[%clk
00:44:28]} {[%emt 00:00:45]} 33. Kg2 {[%clk 00:39:13]} {[%emt 00:00:33]} g5
{[%clk 00:44:14]} {[%emt 00:00:44]} 0-1

[Event "Latvian Teams Chess Championship Higher League 2019"]
[Site "Riga Chess School, 10 Pernavas Street, Riga, Latvia"]
[Date "2019.06.08"]
[Round "5.12"]
[White "Krivonosov, Oleg"]
[Black "Filipovs, Jevgenijs"]
[Result "1-0"]
[TimeControl "Standard: 90 minutes with 30 second increment from move 1"]
[WhiteTitle "IM"]
[WhiteFideId "11600349"]
[BlackFideId "11608820"]
[WhiteElo "2411"]
[BlackElo "1527"]

1. Nf3 {[%clk 01:22:10]} {[%emt 00:08:00]} d5 {[%clk 01:30:50]} {[%emt
00:00:10]} 2. d4 {[%clk 01:22:30]} {[%emt 00:00:09]} Nf6 {[%clk 01:31:06]}
{[%emt 00:00:15]} 3. c4 {[%clk 01:22:50]} {[%emt 00:00:10]} c6 {[%clk
01:31:18]} {[%emt 00:00:18]} 4. cxd5 {[%clk 01:23:12]} {[%emt 00:00:08]} cxd5
{[%clk 01:31:44]} {[%emt 00:00:05]} 5. Nc3 {[%clk 01:23:36]} {[%emt 00:00:04]}
Nc6 {[%clk 01:31:30]} {[%emt 00:00:44]} 6. Bf4 {[%clk 01:24:01]} {[%emt
00:00:06]} g6 {[%clk 01:26:54]} {[%emt 00:05:06]} 7. e3 {[%clk 01:23:34]}
{[%emt 00:00:56]} a6 {[%clk 01:26:15]} {[%emt 00:01:09]} 8. Be2 {[%clk
01:23:21]} {[%emt 00:00:43]} Bg7 {[%clk 01:26:34]} {[%emt 00:00:11]} 9. Ne5
{[%clk 01:23:25]} {[%emt 00:00:26]} O-O {[%clk 01:25:32]} {[%emt 00:01:33]} 10.
O-O {[%clk 01:23:02]} {[%emt 00:00:53]} e6 {[%clk 01:18:29]} {[%emt 00:07:32]}
11. Nxc6 {[%clk 01:22:45]} {[%emt 00:00:47]} bxc6 {[%clk 01:18:52]} {[%emt
00:00:08]} 12. Na4 {[%clk 01:23:07]} {[%emt 00:00:07]} a5 {[%clk 01:17:41]}
{[%emt 00:01:41]} 13. Rc1 {[%clk 01:23:04]} {[%emt 00:00:32]} Bd7 {[%clk
01:12:29]} {[%emt 00:05:44]} 14. Be5 {[%clk 01:21:45]} {[%emt 00:01:49]} Ne4
{[%clk 01:11:17]} {[%emt 00:01:42]} 15. Bxg7 {[%clk 01:22:05]} {[%emt
00:00:10]} Kxg7 {[%clk 01:11:39]} {[%emt 00:00:08]} 16. Bd3 {[%clk 01:22:30]}
{[%emt 00:00:05]} Nd6 {[%clk 01:10:30]} {[%emt 00:01:39]} 17. Nc5 {[%clk
01:22:20]} {[%emt 00:00:40]} Qc7 {[%clk 01:06:03]} {[%emt 00:04:57]} 18. Rc3
{[%clk 01:20:32]} {[%emt 00:02:17]} Nb7 {[%clk 01:04:06]} {[%emt 00:02:27]} 19.
Nxd7 {[%clk 01:18:59]} {[%emt 00:02:04]} Qxd7 {[%clk 01:04:17]} {[%emt
00:00:18]} 20. Qa4 {[%clk 01:19:20]} {[%emt 00:00:09]} Rfc8 {[%clk 00:59:56]}
{[%emt 00:04:51]} 21. Rfc1 {[%clk 01:19:09]} {[%emt 00:00:40]} Nd8 {[%clk
00:59:24]} {[%emt 00:01:03]} 22. h4 {[%clk 01:18:08]} {[%emt 00:01:31]} Qe7
{[%clk 00:55:51]} {[%emt 00:04:03]} 23. g3 {[%clk 01:17:51]} {[%emt 00:00:48]}
Rcb8 {[%clk 00:53:47]} {[%emt 00:02:33]} 24. Qc2 {[%clk 01:17:36]} {[%emt
00:00:46]} a4 {[%clk 00:53:20]} {[%emt 00:00:56]} 25. a3 {[%clk 01:15:09]}
{[%emt 00:02:58]} Qb7 {[%clk 00:52:19]} {[%emt 00:01:30]} 26. Rb1 {[%clk
01:15:15]} {[%emt 00:00:24]} f5 {[%clk 00:50:22]} {[%emt 00:02:28]} 27. b4
{[%clk 01:12:36]} {[%emt 00:03:08]} Rc8 {[%clk 00:45:08]} {[%emt 00:05:44]} 28.
Rc5 {[%clk 01:11:45]} {[%emt 00:01:21]} Qe7 {[%clk 00:43:13]} {[%emt 00:02:24]}
29. b5 {[%clk 01:08:20]} {[%emt 00:03:57]} Qd6 {[%clk 00:25:25]} {[%emt
00:18:17]} 30. Rc1 {[%clk 01:07:24]} {[%emt 00:01:26]} Ra5 {[%clk 00:24:00]}
{[%emt 00:01:54]} 31. Qc3 {[%clk 01:06:48]} {[%emt 00:01:07]} Qc7 {[%clk
00:23:19]} {[%emt 00:01:11]} 32. b6 {[%clk 01:06:57]} {[%emt 00:00:21]} Rxc5
{[%clk 00:19:04]} {[%emt 00:04:45]} 33. dxc5+ {[%clk 01:07:20]} {[%emt
00:00:07]} d4 {[%clk 00:19:25]} {[%emt 00:00:09]} 34. bxc7 {[%clk 01:07:05]}
{[%emt 00:00:45]} dxc3 {[%clk 00:19:43]} {[%emt 00:00:12]} 35. cxd8=Q {[%clk
01:07:27]} {[%emt 00:00:08]} Rxd8 {[%clk 00:20:07]} {[%emt 00:00:06]} 36. Rxc3
{[%clk 01:07:46]} {[%emt 00:00:11]} e5 {[%clk 00:20:14]} {[%emt 00:00:23]} 37.
Bc2 {[%clk 01:08:00]} {[%emt 00:00:16]} e4 {[%clk 00:19:05]} {[%emt 00:01:40]}
38. Bxa4 {[%clk 01:08:07]} {[%emt 00:00:23]} 1-0

[Event "Latvian Teams Chess Championship Higher League 2019"]
[Site "Riga Chess School, 10 Pernavas Street, Riga, Latvia"]
[Date "2019.06.08"]
[Round "5.13"]
[White "Vissarionovs, Artjoms"]
[Black "Levchenkov, Vitaly"]
[Result "0-1"]
[TimeControl "Standard: 90 minutes with 30 second increment from move 1"]
[BlackTitle "FM"]
[WhiteFideId "11604956"]
[BlackFideId "11600411"]
[WhiteElo "1643"]
[BlackElo "2207"]

1. Nf3 {[%emt 00:00:04]} c5 {[%clk 01:24:01]} {[%emt 00:06:54]} 2. e3 {[%clk
01:30:42]} {[%emt 00:00:18]} d5 {[%clk 01:24:08]} {[%emt 00:00:23]} 3. c4
{[%clk 01:30:45]} {[%emt 00:00:27]} Nf6 {[%clk 01:24:25]} {[%emt 00:00:13]} 4.
b3 {[%clk 01:30:07]} {[%emt 00:01:08]} d4 {[%clk 01:24:44]} {[%emt 00:00:11]} 5.
Bb2 {[%clk 01:30:01]} {[%emt 00:00:36]} Nc6 {[%clk 01:24:48]} {[%emt 00:00:26]}
6. d3 {[%clk 01:24:33]} {[%emt 00:05:57]} e5 {[%clk 01:25:10]} {[%emt
00:00:07]} 7. Be2 {[%clk 01:24:00]} {[%emt 00:01:04]} Bd6 {[%clk 01:25:16]}
{[%emt 00:00:26]} 8. O-O {[%clk 01:23:49]} {[%emt 00:00:40]} O-O {[%clk
01:25:38]} {[%emt 00:00:09]} 9. Nbd2 {[%clk 01:23:01]} {[%emt 00:01:17]} dxe3
{[%clk 01:25:42]} {[%emt 00:00:26]} 10. fxe3 {[%clk 01:23:03]} {[%emt
00:00:28]} Ng4 {[%clk 01:25:56]} {[%emt 00:00:15]} 11. Qc1 {[%clk 01:22:42]}
{[%emt 00:00:52]} Nxe3 {[%clk 01:26:08]} {[%emt 00:00:18]} 12. Re1 {[%clk
01:22:29]} {[%emt 00:00:42]} f5 {[%clk 01:25:25]} {[%emt 00:01:13]} 13. Nf1
{[%clk 01:22:06]} {[%emt 00:00:53]} Nxf1 {[%clk 01:25:19]} {[%emt 00:00:37]} 14.
Bxf1 {[%clk 01:22:18]} {[%emt 00:00:17]} Re8 {[%clk 01:25:12]} {[%emt
00:00:37]} 15. Qd2 {[%clk 01:17:40]} {[%emt 00:05:08]} Bd7 {[%clk 01:23:14]}
{[%emt 00:02:28]} 16. Qf2 {[%clk 01:11:39]} {[%emt 00:06:32]} Qf6 {[%clk
01:21:52]} {[%emt 00:01:51]} 17. Rad1 {[%clk 01:09:57]} {[%emt 00:02:13]} Nd4
{[%clk 01:21:58]} {[%emt 00:00:22]} 18. Bc1 {[%clk 01:05:01]} {[%emt 00:05:28]}
Bc6 {[%clk 01:21:46]} {[%emt 00:00:41]} 19. Nxd4 {[%clk 01:04:43]} {[%emt
00:00:48]} exd4 {[%clk 01:21:41]} {[%emt 00:00:35]} 20. Be2 {[%clk 00:58:58]}
{[%emt 00:06:14]} g6 {[%clk 01:15:18]} {[%emt 00:06:54]} 21. Bf3 {[%clk
00:58:30]} {[%emt 00:00:59]} Bc7 {[%clk 01:15:31]} {[%emt 00:00:15]} 22. Bd2
{[%clk 00:55:35]} {[%emt 00:03:26]} Qd6 {[%clk 01:13:41]} {[%emt 00:02:19]} 23.
g3 {[%clk 00:55:15]} {[%emt 00:00:51]} Bxf3 {[%clk 01:13:36]} {[%emt 00:00:36]}
24. Qxf3 {[%clk 00:55:14]} {[%emt 00:00:31]} Qc6 {[%clk 01:13:53]} {[%emt
00:00:12]} 25. Qf2 {[%clk 00:50:43]} {[%emt 00:04:57]} Rxe1+ {[%clk 01:14:16]}
{[%emt 00:00:11]} 26. Rxe1 {[%clk 00:50:38]} {[%emt 00:00:34]} Re8 {[%clk
01:14:43]} {[%emt 00:00:04]} 27. Bg5 {[%clk 00:49:47]} {[%emt 00:01:21]} Kf7
{[%clk 01:14:16]} {[%emt 00:00:57]} 28. Rxe8 {[%clk 00:40:22]} {[%emt
00:09:55]} Qxe8 {[%clk 01:14:23]} {[%emt 00:00:22]} 29. Qf3 {[%clk 00:40:29]}
{[%emt 00:00:21]} Qc6 {[%clk 01:14:39]} {[%emt 00:00:17]} 30. Qe2 {[%clk
00:40:50]} {[%emt 00:00:09]} Bd6 {[%clk 01:14:06]} {[%emt 00:01:03]} 31. Qf1
{[%clk 00:39:18]} {[%emt 00:02:01]} h5 {[%clk 01:13:56]} {[%emt 00:00:41]} 32.
Qe2 {[%clk 00:38:52]} {[%emt 00:00:57]} a6 {[%clk 01:14:06]} {[%emt 00:00:20]}
33. Bh4 {[%clk 00:32:54]} {[%emt 00:06:27]} b5 {[%clk 01:11:11]} {[%emt
00:03:25]} 34. Bg5 {[%clk 00:31:46]} {[%emt 00:01:38]} bxc4 {[%clk 01:11:17]}
{[%emt 00:00:24]} 35. bxc4 {[%clk 00:31:54]} {[%emt 00:00:23]} Qb7 {[%clk
01:11:28]} {[%emt 00:00:18]} 36. Bh4 {[%clk 00:31:14]} {[%emt 00:01:11]} Be7
{[%clk 01:09:04]} {[%emt 00:02:53]} 37. Bxe7 {[%clk 00:30:28]} {[%emt
00:01:16]} Qxe7 {[%clk 01:09:21]} {[%emt 00:00:13]} 38. Qb2 {[%clk 00:28:33]}
{[%emt 00:02:26]} h4 {[%clk 01:05:28]} {[%emt 00:04:23]} 39. Kg2 {[%clk
00:27:17]} {[%emt 00:01:45]} hxg3 {[%clk 01:04:58]} {[%emt 00:01:00]} 40. hxg3
{[%clk 00:27:36]} {[%emt 00:00:11]} g5 {[%clk 01:04:53]} {[%emt 00:00:34]} 41.
Qb6 {[%clk 00:22:11]} {[%emt 00:05:56]} Qe2+ {[%clk 01:04:52]} {[%emt
00:00:31]} 42. Kh3 {[%clk 00:20:15]} {[%emt 00:02:16]} Qf1+ {[%clk 01:04:48]}
{[%emt 00:00:44]} 43. Kh2 {[%clk 00:20:13]} {[%emt 00:00:32]} Qxd3 {[%clk
01:04:36]} {[%emt 00:00:41]} 44. Qxc5 {[%clk 00:19:04]} {[%emt 00:01:41]} Qe4
{[%clk 01:03:34]} {[%emt 00:01:29]} 45. Qc7+ {[%clk 00:12:04]} {[%emt
00:07:33]} Kg6 {[%clk 01:03:46]} {[%emt 00:00:17]} 46. c5 {[%clk 00:11:55]}
{[%emt 00:00:39]} d3 {[%clk 01:03:18]} {[%emt 00:00:58]} 47. c6 {[%clk
00:09:15]} {[%emt 00:03:11]} Qe2+ {[%clk 01:03:06]} {[%emt 00:00:42]} 48. Kg1
{[%clk 00:09:20]} {[%emt 00:00:25]} d2 {[%clk 01:03:11]} {[%emt 00:00:24]} 49.
Qd6+ {[%clk 00:09:23]} {[%emt 00:00:27]} Kh5 {[%clk 01:03:32]} {[%emt
00:00:09]} 50. c7 {[%clk 00:09:09]} {[%emt 00:00:45]} d1=Q+ {[%clk 01:03:46]}
{[%emt 00:00:14]} 51. Qxd1 {[%clk 00:09:26]} {[%emt 00:00:14]} Qxd1+ {[%emt
00:00:14]} 52. Kf2 {[%emt 00:00:07]} Qc2+ {[%clk 01:03:37]} {[%emt 00:00:17]}
53. Kf3 {[%clk 00:09:44]} {[%emt 00:00:13]} Qxc7 {[%clk 01:03:46]} {[%emt
00:00:22]} 0-1

[Event "Latvian Teams Chess Championship Higher League 2019"]
[Site "Riga Chess School, 10 Pernavas Street, Riga, Latvia"]
[Date "2019.06.08"]
[Round "5.14"]
[White "Kolesnikovs, Ivans"]
[Black "Janovskis, Daniels"]
[Result "1/2-1/2"]
[TimeControl "Standard: 90 minutes with 30 second increment from move 1"]
[WhiteFideId "11602244"]
[BlackFideId "11604867"]
[WhiteElo "2019"]
[BlackElo "1576"]

1. e4 {[%clk 01:23:01]} {[%emt 00:07:18]} e5 {[%clk 01:30:52]} {[%emt
00:00:09]} 2. Nf3 {[%clk 01:23:26]} {[%emt 00:00:04]} Nc6 {[%clk 01:31:12]}
{[%emt 00:00:09]} 3. Bc4 {[%clk 01:23:16]} {[%emt 00:00:41]} Nf6 {[%clk
01:30:55]} {[%emt 00:00:48]} 4. d3 {[%clk 01:23:40]} {[%emt 00:00:06]} Bc5
{[%clk 01:28:53]} {[%emt 00:02:31]} 5. c3 {[%clk 01:24:05]} {[%emt 00:00:06]}
d6 {[%clk 01:28:19]} {[%emt 00:01:05]} 6. a4 {[%clk 01:24:04]} {[%emt
00:00:30]} a5 {[%clk 01:27:59]} {[%emt 00:00:50]} 7. Bg5 {[%clk 01:23:55]}
{[%emt 00:00:38]} Qe7 {[%clk 01:24:28]} {[%emt 00:04:02]} 8. O-O {[%clk
01:22:46]} {[%emt 00:01:39]} O-O {[%clk 01:23:56]} {[%emt 00:01:02]} 9. Na3
{[%clk 01:16:16]} {[%emt 00:07:00]} Be6 {[%clk 01:17:41]} {[%emt 00:06:45]} 10.
Bxe6 {[%clk 01:09:26]} {[%emt 00:07:20]} fxe6 {[%clk 01:15:04]} {[%emt
00:03:07]} 11. Nc4 {[%clk 01:04:15]} {[%emt 00:05:40]} h6 {[%clk 01:13:40]}
{[%emt 00:01:55]} 12. Be3 {[%clk 01:00:58]} {[%emt 00:03:47]} Bxe3 {[%clk
01:12:06]} {[%emt 00:02:05]} 13. fxe3 {[%clk 00:57:48]} {[%emt 00:03:38]} g6
{[%clk 01:00:50]} {[%emt 00:11:46]} 14. Qe2 {[%clk 00:50:47]} {[%emt 00:07:31]}
Kg7 {[%clk 00:57:41]} {[%emt 00:03:40]} 15. h3 {[%clk 00:49:07]} {[%emt
00:02:10]} Qd7 {[%clk 00:56:07]} {[%emt 00:02:04]} 16. Rf2 {[%clk 00:47:25]}
{[%emt 00:02:12]} Ne7 {[%clk 00:55:46]} {[%emt 00:00:51]} 17. Qc2 {[%clk
00:45:27]} {[%emt 00:02:27]} g5 {[%clk 00:54:36]} {[%emt 00:01:42]} 18. Raf1
{[%clk 00:36:46]} {[%emt 00:09:10]} Ng6 {[%clk 00:54:07]} {[%emt 00:00:59]} 19.
g4 {[%clk 00:34:45]} {[%emt 00:02:31]} Qc6 {[%clk 00:52:45]} {[%emt 00:01:52]}
20. Qb3 {[%clk 00:29:59]} {[%emt 00:05:17]} Qd7 {[%clk 00:51:53]} {[%emt
00:01:22]} 21. Qc2 {[%clk 00:26:57]} {[%emt 00:03:31]} Qc6 {[%clk 00:51:59]}
{[%emt 00:00:23]} 22. Qb3 {[%clk 00:27:19]} {[%emt 00:00:09]} Qd7 {[%clk
00:52:18]} {[%emt 00:00:11]} 23. Qc2 {[%clk 00:27:25]} {[%emt 00:00:25]} Qc6
{[%clk 00:52:16]} {[%emt 00:00:31]} 1/2-1/2

[Event "Latvian Teams Chess Championship Higher League 2019"]
[Site "Riga Chess School, 10 Pernavas Street, Riga, Latvia"]
[Date "2019.06.08"]
[Round "5.15"]
[White "Gordievich, Larisa"]
[Black "Gorozhankina, Julia"]
[Result "0-1"]
[TimeControl "Standard: 90 minutes with 30 second increment from move 1"]
[BlackTitle "WFM"]
[WhiteFideId "11603224"]
[BlackFideId "4199650"]
[WhiteElo "1742"]
[BlackElo "2071"]

1. Nf3 {[%clk 01:30:55]} {[%emt 00:00:07]} Nf6 {[%clk 01:22:33]} {[%emt
00:08:25]} 2. g3 {[%clk 01:31:13]} {[%emt 00:00:12]} g6 {[%clk 01:22:59]}
{[%emt 00:00:05]} 3. Bg2 {[%clk 01:31:36]} {[%emt 00:00:07]} Bg7 {[%clk
01:23:25]} {[%emt 00:00:04]} 4. O-O {[%clk 01:31:57]} {[%emt 00:00:09]} O-O
{[%clk 01:23:53]} {[%emt 00:00:03]} 5. d4 {[%clk 01:32:02]} {[%emt 00:00:24]}
d5 {[%clk 01:24:19]} {[%emt 00:00:04]} 6. Nc3 {[%clk 01:30:30]} {[%emt
00:02:01]} b6 {[%clk 01:21:29]} {[%emt 00:03:21]} 7. Bg5 {[%clk 01:27:29]}
{[%emt 00:03:31]} Bb7 {[%clk 01:20:51]} {[%emt 00:01:09]} 8. Qc1 {[%clk
01:25:07]} {[%emt 00:02:51]} Re8 {[%clk 01:12:47]} {[%emt 00:08:34]} 9. Bh6
{[%clk 01:23:38]} {[%emt 00:01:58]} Bh8 {[%clk 01:13:11]} {[%emt 00:00:06]} 10.
Ne5 {[%clk 01:18:36]} {[%emt 00:05:32]} Nbd7 {[%clk 01:09:28]} {[%emt
00:04:14]} 11. f4 {[%clk 01:13:54]} {[%emt 00:05:12]} c5 {[%clk 01:06:44]}
{[%emt 00:03:14]} 12. f5 {[%clk 00:53:07]} {[%emt 00:21:16]} cxd4 {[%clk
00:59:44]} {[%emt 00:07:31]} 13. Nxf7 {[%clk 00:51:09]} {[%emt 00:02:27]} Kxf7
{[%clk 00:58:49]} {[%emt 00:01:26]} 14. fxg6+ {[%clk 00:50:56]} {[%emt
00:00:43]} hxg6 {[%clk 00:58:21]} {[%emt 00:00:57]} 15. Nxd5 {[%clk 00:50:07]}
{[%emt 00:01:18]} Rb8 {[%clk 00:44:37]} {[%emt 00:14:15]} 16. Qg5 {[%clk
00:44:46]} {[%emt 00:05:51]} Rg8 {[%clk 00:42:47]} {[%emt 00:02:19]} 17. Bh3
{[%clk 00:37:51]} {[%emt 00:07:25]} Nc5 {[%clk 00:34:42]} {[%emt 00:08:35]} 18.
Nf4 {[%clk 00:31:27]} {[%emt 00:06:54]} Bc8 {[%clk 00:29:44]} {[%emt 00:05:29]}
19. Qe5 {[%clk 00:19:04]} {[%emt 00:12:53]} Bxh3 {[%clk 00:27:03]} {[%emt
00:03:11]} 20. Nxh3 {[%clk 00:19:15]} {[%emt 00:00:18]} Qd6 {[%clk 00:25:05]}
{[%emt 00:02:29]} 21. Qxd6 {[%clk 00:13:52]} {[%emt 00:05:53]} exd6 {[%clk
00:25:31]} {[%emt 00:00:04]} 22. Rad1 {[%clk 00:13:19]} {[%emt 00:01:03]} Ke7
{[%clk 00:22:12]} {[%emt 00:03:49]} 23. Rxd4 {[%clk 00:08:57]} {[%emt
00:04:51]} Nfe4 {[%clk 00:20:47]} {[%emt 00:01:56]} 24. Rd5 {[%clk 00:07:26]}
{[%emt 00:02:00]} Bxb2 {[%clk 00:19:05]} {[%emt 00:02:13]} 25. Ng5 {[%clk
00:06:38]} {[%emt 00:01:17]} Nxg5 {[%clk 00:18:24]} {[%emt 00:01:12]} 26. Bxg5+
{[%clk 00:07:01]} {[%emt 00:00:06]} Ke6 {[%clk 00:18:50]} {[%emt 00:00:05]} 27.
Rfd1 {[%clk 00:06:35]} {[%emt 00:00:55]} Ne4 {[%clk 00:16:19]} {[%emt
00:03:01]} 28. Bf4 {[%clk 00:05:16]} {[%emt 00:01:49]} Ba3 {[%clk 00:16:44]}
{[%emt 00:00:06]} 29. R5d3 {[%clk 00:05:04]} {[%emt 00:00:41]} Bc5+ {[%clk
00:15:36]} {[%emt 00:01:39]} 30. Be3 {[%clk 00:04:10]} {[%emt 00:01:23]} Rbc8
{[%clk 00:15:03]} {[%emt 00:01:04]} 31. Kg2 {[%clk 00:02:40]} {[%emt 00:02:00]}
Rgf8 {[%clk 00:14:45]} {[%emt 00:00:48]} 32. Bxc5 {[%clk 00:02:03]} {[%emt
00:01:07]} Rxc5 {[%clk 00:15:10]} {[%emt 00:00:05]} 33. Re3 {[%clk 00:02:26]}
{[%emt 00:00:06]} Ke5 {[%clk 00:14:24]} {[%emt 00:01:17]} 34. Ra3 {[%clk
00:01:27]} {[%emt 00:01:29]} Rf2+ {[%clk 00:12:36]} {[%emt 00:02:18]} 35. Kh3
{[%clk 00:01:41]} {[%emt 00:00:16]} Rxe2 {[%clk 00:11:00]} {[%emt 00:02:07]} 36.
Rf1 {[%clk 00:01:56]} {[%emt 00:00:14]} Rcxc2 {[%clk 00:10:44]} {[%emt
00:00:46]} 0-1